阪神間の駅 (JR,阪急,阪神) - Statistics

General Stats
  • This quiz has been taken 148 times
  • The average score is 52 of 71
Answer Stats
Hint Answer % Correct
山陽新幹線 新大阪
98%
山陽新幹線 新神戸
98%
JR神戸線 尼崎
98%
阪神本線 尼崎
98%
JR神戸線 大阪
96%
JR神戸線 西宮
96%
阪神本線 西宮
96%
JR神戸線 神戸
95%
JR神戸線 芦屋
93%
阪神本線 芦屋
93%
阪神本線 甲子園
92%
JR神戸線 甲子園口
91%
JR神戸線 三ノ宮
91%
JR神戸線 元町
91%
阪神本線 元町
91%
阪神本線 大阪梅田
87%
阪神神戸高速線 高速神戸
87%
阪急神戸線 大阪梅田
87%
JR神戸線 塚本
86%
JR神戸線 さくら夙川
86%
阪急神戸線 六甲
85%
阪神本線 神戸三宮
84%
阪急神戸線 神戸三宮
84%
JR神戸線 住吉
83%
JR神戸線
83%
阪神本線 住吉
83%
JR神戸線 六甲道
82%
JR神戸線 立花
81%
阪神本線 御影
79%
阪急神戸線 十三
79%
阪急神戸線 御影
79%
阪急神戸線 西宮北口
78%
阪神本線 武庫川
77%
阪急神戸線 夙川
76%
阪神本線 福島
75%
阪神本線 大物
75%
阪急神戸線 塚口
75%
JR神戸線 摂津本山
74%
阪神本線 野田
74%
阪神本線 魚崎
73%
阪神本線 尼崎センタープール前
72%
阪急神戸線 岡本
72%
阪神本線 春日野道
70%
阪急神戸線 春日野道
70%
JR神戸線 甲南山手
69%
阪神本線 今津
69%
阪急神戸高速線 花隈
69%
JR神戸線 摩耶
68%
阪急神戸線 中津
67%
阪急神戸線 芦屋川
65%
阪急神戸線 王子公園
65%
阪神神戸高速線 西元町
64%
阪急神戸線 武庫之荘
64%
阪急神戸線 神崎川
62%
阪神本線 鳴尾・武庫川女子大前
58%
阪急神戸線 園田
58%
阪神本線 淀川
57%
阪神本線 杭瀬
54%
阪神本線 香櫨園
54%
阪神本線 青木
54%
阪神本線 石屋川
54%
阪神本線 千船
53%
阪神本線 打出
51%
阪神本線 出屋敷
49%
阪神本線 西灘
49%
阪神本線 姫島
47%
阪神本線 久寿川
44%
阪神本線 新在家
44%
阪神本線 岩屋
44%
阪神本線 深江
42%
阪神本線 大石
40%
No matching quizzes found
Score Distribution
Percent of People with Each Score
Percentile by Number Answered
Your Score History
You have not taken this quiz